[Event "EM 2021"]
[Site "Nürnberg"]
[Date "2021.07.02"]
[Round "1.1"]
[White "Hofmann, Tim"]
[Black "Schatz, Christian"]
[Result "0-1"]
[WhiteElo "1793"]
[BlackElo "2219"]
[PlyCount "106"]
[EventDate "2021.??.??"]
[EventType "team-tourn"]
[EventCountry "GER"]
[WhiteTeam "SW Nuernberg Sued"]
[BlackTeam "SC Postbauer-Heng"]

1. d4 Nf6 2. Nc3 d5 3. Bf4 Bf5 4. e3 e6 5. f3 Bd6 6. Bg5 h6 7. Bh4 g5 8. Bg3 a6
9. Bd3 Bxd3 10. cxd3 Nc6 11. Nge2 Qe7 12. Bxd6 cxd6 13. e4 e5 14. O-O exd4 15.
Nxd5 Nxd5 16. exd5 Qe3+ 17. Kh1 Ne5 18. Nc1 O-O 19. Re1 Qf2 20. Re2 Qh4 21. Re4
Qh5 22. Nb3 f5 23. Re1 Qf7 24. f4 gxf4 25. Nxd4 Qxd5 26. Nf3 Rae8 27. Nxe5 Rxe5
28. Qh5 Kg7 29. Rac1 Qe6 30. Rf1 Rf7 31. Rxf4 Re1+ 32. Rf1 Rxc1 33. Rxc1 Qe3
34. Rd1 Qf2 35. Qf3 Qxf3 36. gxf3 Rc7 37. Rd2 Kf6 38. Kg2 Ke5 39. Kg3 Rg7+ 40.
Kf2 Kd4 41. Re2 Kxd3 42. Re6 Kc2 43. Re2+ Kb1 44. b4 b5 45. Re6 Rd7 46. Rxh6
Kxa2 47. Rh4 Ka3 48. Ke3 a5 49. bxa5 b4 50. Rd4 b3 51. Kd3 b2 52. Kc2 Rc7+ 53.
Kb1 Rc1# 0-1

[Event "EM 2021"]
[Site "Nürnberg"]
[Date "2021.07.02"]
[Round "1.2"]
[White "Heimrath, Reiner"]
[Black "Dyroff, Roland"]
[Result "1-0"]
[WhiteElo "2192"]
[BlackElo "1766"]
[PlyCount "55"]
[EventDate "2021.??.??"]
[EventType "team-tourn"]
[EventCountry "GER"]
[WhiteTeam "SC NT Nuernberg"]
[BlackTeam "SW Nuernberg Sued"]

1. e4 c5 2. Nc3 Nc6 3. d3 g6 4. Be3 d6 5. d4 cxd4 6. Bxd4 Nxd4 7. Qxd4 Nf6 8.
e5 dxe5 9. Bb5+ Bd7 10. Qxe5 Bg7 11. O-O-O O-O 12. Bxd7 Nxd7 13. Qb5 Bxc3 14.
bxc3 Qb6 15. Qxd7 Rad8 16. Qg4 Rxd1+ 17. Qxd1 Rd8 18. Qe1 Qc5 19. Ne2 Rd6 20.
Nd4 e5 21. Nb3 Qa3+ 22. Kb1 Ra6 23. Qxe5 Qxa2+ 24. Kc1 Qa3+ 25. Kd2 Rd6+ 26.
Nd4 a6 27. Rb1 b5 28. Rb3 1-0

[Event "EM 2021"]
[Site "Nürnberg"]
[Date "2021.07.02"]
[Round "1.3"]
[White "Weissmann, Peter"]
[Black "Kotz, Reinhard"]
[Result "0-1"]
[WhiteElo "1736"]
[BlackElo "2163"]
[PlyCount "114"]
[EventDate "2021.??.??"]
[EventType "team-tourn"]
[EventCountry "GER"]
[WhiteTeam "SG Fuerth"]
[BlackTeam "SK Herzogenaurach"]

1. e4 Nf6 2. e5 Nd5 3. d4 d6 4. c4 Nb6 5. f4 g6 6. b3 Bg7 7. Nf3 O-O 8. Be2 c5
9. Bb2 cxd4 10. Qxd4 Nc6 11. Qe3 Nd7 12. Nbd2 dxe5 13. Nxe5 Ndxe5 14. fxe5 Nb4
15. Qc3 Nc6 16. Qe3 Bf5 17. O-O Nb4 18. Qc3 a5 19. a3 Nc6 20. Nf3 Qc7 21. Qe3
Rfd8 22. Rad1 h6 23. Rd5 e6 24. Rdd1 g5 25. h3 Bg6 26. c5 Rxd1 27. Rxd1 Rc8 28.
Rd6 Ne7 29. b4 Nd5 30. Qb3 axb4 31. axb4 b6 32. Bd4 bxc5 33. Bxc5 Be4 34. Bb5
Qb8 35. Bc4 Nf4 36. Rb6 Qc7 37. Ba6 Rd8 38. Rd6 Rb8 39. Qa4 Nxh3+ 40. gxh3 Bxf3
41. Qa1 Ra8 42. Qe1 h5 43. Qe3 g4 44. hxg4 hxg4 45. Kf2 Qe7 46. Kg3 Qc7 47. Be2
Qb7 48. Bxf3 gxf3 49. Rd2 Qc7 50. Bd6 Qc1 51. Qf2 Ra3 52. b5 Rb3 53. Kh2 Qc3
54. Bb8 Bxe5+ 55. Bxe5 Qxe5+ 56. Qg3+ Qxg3+ 57. Kxg3 Rxb5 0-1

[Event "EM 2021"]
[Site "Nürnberg"]
[Date "2021.07.02"]
[Round "1.4"]
[White "Boehme, Sebastian"]
[Black "Albayrak, Aylin"]
[Result "1-0"]
[WhiteElo "2154"]
[BlackElo "1689"]
[PlyCount "41"]
[EventDate "2021.??.??"]
[EventType "team-tourn"]
[EventCountry "GER"]
[WhiteTeam "SC Erlangen"]
[BlackTeam "SC NT Nuernberg"]

1. d4 Nf6 2. Bf4 d6 3. Nc3 g6 4. e4 Bg7 5. Qd2 O-O 6. O-O-O a6 7. Bh6 Nc6 8.
Bxg7 Kxg7 9. f3 b5 10. g4 Bb7 11. g5 Nd7 12. h4 e5 13. Nge2 exd4 14. Nxd4 Ne7
15. h5 Rh8 16. h6+ Kg8 17. Bh3 Ne5 18. Qf4 N7c6 19. Ne6 Qe7 20. Nd5 Qe8 21.
Nf6# 1-0

[Event "EM 2021"]
[Site "Nürnberg"]
[Date "2021.07.02"]
[Round "1.5"]
[White "Sarcevic, Ivo"]
[Black "Ammon, Tobias"]
[Result "0-1"]
[WhiteElo "1643"]
[BlackElo "2134"]
[PlyCount "59"]
[EventDate "2021.??.??"]
[EventType "team-tourn"]
[EventCountry "GER"]
[WhiteTeam "SW Nuernberg Sued"]
[BlackTeam "SV Altensittenbach"]

1. e4 c5 2. Bc4 e6 3. Nc3 Nf6 4. d3 Nc6 5. Nf3 d5 6. exd5 exd5 7. Bb3 Be7 8.
O-O O-O 9. Bg5 Be6 10. a3 h6 11. Bxf6 Bxf6 12. Rb1 Qd6 13. Re1 a6 14. Rxe6 fxe6
15. Ne2 Nd4 16. Nexd4 cxd4 17. Qd2 b5 18. c3 dxc3 19. bxc3 Qxa3 20. d4 Rac8 21.
h3 Rc6 22. Qd3 Rfc8 23. Bc2 Rxc3 24. Qh7+ Kf8 25. Bg6 Ke7 26. Ne5 Rc1+ 27. Rxc1
Qxc1+ 28. Kh2 Qf4+ 29. g3 Qxf2+ 30. Kh1 0-1

[Event "EM 2021"]
[Site "Nürnberg"]
[Date "2021.07.02"]
[Round "1.6"]
[White "Erlbeck, Peter"]
[Black "Albayrak, Atilla"]
[Result "1-0"]
[WhiteElo "2070"]
[BlackElo "1632"]
[PlyCount "81"]
[EventDate "2021.??.??"]
[EventType "team-tourn"]
[EventCountry "GER"]
[WhiteTeam "SW Nuernberg Sued"]
[BlackTeam "SC NT Nuernberg"]

1. e4 c5 2. Nc3 d6 3. f4 e6 4. Nf3 Nf6 5. d3 Nc6 6. g3 Be7 7. Bg2 O-O 8. O-O
Qc7 9. h3 a6 10. g4 b5 11. g5 Nd7 12. f5 b4 13. Ne2 Bb7 14. Nf4 Nce5 15. fxe6
Nxf3+ 16. Rxf3 Ne5 17. Rg3 Rad8 18. exf7+ Rxf7 19. Ne6 Qb6 20. Nxd8 Bxd8 21.
Be3 Qc7 22. Qh5 Ng6 23. Rf3 d5 24. Rxf7 Qxf7 25. Rf1 Qe6 26. Qf3 d4 27. Bc1 Bc7
28. Qf5 Qe7 29. Qf2 Be5 30. h4 Qc7 31. h5 Bh2+ 32. Kh1 Bg3 33. Qf3 Bxe4 34.
dxe4 d3 35. hxg6 hxg6 36. Qxd3 c4 37. Qd5+ Kh7 38. Rf3 b3 39. axb3 cxb3 40.
Qxb3 a5 41. Rxg3 1-0

[Event "EM 2021"]
[Site "Nürnberg"]
[Date "2021.07.02"]
[Round "1.7"]
[White "Dreiseitel, Werner"]
[Black "Kroneder, Christian"]
[Result "0-1"]
[WhiteElo "1591"]
[BlackElo "2050"]
[PlyCount "64"]
[EventDate "2021.??.??"]
[EventType "team-tourn"]
[EventCountry "GER"]
[WhiteTeam "SW Nuernberg Sued"]
[BlackTeam "SK Schwanstetten"]

1. d4 d5 2. c4 c6 3. Nf3 Nf6 4. Nc3 e6 5. Bg5 dxc4 6. a4 Bb4 7. Nd2 Qxd4 8. e3
Qc5 9. Bxf6 gxf6 10. Bxc4 Nd7 11. O-O Ne5 12. Nce4 Qe7 13. Be2 f5 14. Ng3 O-O
15. Qc2 Ng6 16. f4 Rd8 17. Nf3 Qc5 18. Qb3 Nxf4 19. Nd4 Nxe2+ 20. Ngxe2 e5 21.
Rac1 Qf8 22. Nxf5 Be6 23. Rc4 Rd2 24. Qxb4 Qxb4 25. Rxb4 Rxe2 26. Ne7+ Kf8 27.
Rxb7 Rd8 28. h3 Rdd2 29. Rf3 Rxg2+ 30. Kf1 Bc4+ 31. Ke1 Rge2+ 32. Kf1 Rd1# 0-1

[Event "EM 2021"]
[Site "Nürnberg"]
[Date "2021.07.02"]
[Round "1.8"]
[White "Vogiatzis, Dimitrios"]
[Black "Albayrak, Nese Pinar"]
[Result "1/2-1/2"]
[WhiteElo "2040"]
[BlackElo "1587"]
[PlyCount "67"]
[EventDate "2021.??.??"]
[EventType "team-tourn"]
[EventCountry "GER"]
[WhiteTeam "SC NT Nuernberg"]
[BlackTeam "SC NT Nuernberg"]

1. e4 e5 2. d4 exd4 3. Qxd4 Nc6 4. Qe3 Nf6 5. Nc3 Bb4 6. Bd2 O-O 7. O-O-O Re8
8. Qg3 Nxe4 9. Nxe4 Rxe4 10. c3 Bc5 11. Bd3 Re8 12. f4 d5 13. Nf3 a6 14. Bxh7+
Kxh7 15. Ng5+ Kg8 16. Qh4 Bf5 17. g4 Be4 18. f5 Bxh1 19. Qh7+ Kf8 20. Qh5 Ne5
21. Bf4 f6 22. Qh8+ Ke7 23. Qxg7+ Kd6 24. Nf7+ Kc6 25. Nxd8+ Raxd8 26. Bxe5
Be3+ 27. Kc2 Be4+ 28. Kb3 fxe5 29. h4 Bf4 30. f6 Bf3 31. Rf1 Rg8 32. Qe7 Bxg4
33. f7 Rgf8 34. Rg1 1/2-1/2

[Event "EM 2021"]
[Site "Nürnberg"]
[Date "2021.07.02"]
[Round "1.9"]
[White "Mankus, Siegfried"]
[Black "Birkmann, Guenther"]
[Result "0-1"]
[WhiteElo "1494"]
[BlackElo "2025"]
[PlyCount "64"]
[EventDate "2021.??.??"]
[EventType "team-tourn"]
[EventCountry "GER"]
[WhiteTeam "Zabo-Eintracht Nuernberg"]
[BlackTeam "SC Stein"]

1. d4 g6 2. Nf3 Bg7 3. e3 Nf6 4. c4 O-O 5. Nc3 d6 6. Be2 Nbd7 7. O-O c6 8. Qc2
e5 9. dxe5 dxe5 10. e4 Qe7 11. Be3 Ng4 12. Bg5 f6 13. Bh4 a5 14. h3 Nh6 15. Ne1
g5 16. Bg3 f5 17. f3 Nf6 18. Bf2 g4 19. h4 f4 20. g3 Nh5 21. gxf4 g3 22. Bxg3
Nxg3 23. Rf2 exf4 24. Ng2 Bd4 25. Bd3 Bh3 26. Kh2 Bxg2 27. Kxg2 Bxf2 28. Qxf2
Rad8 29. Rd1 Qxh4 30. Qg1 Ng4 31. fxg4 f3+ 32. Kf2 Ne2+ 0-1

[Event "EM 2021"]
[Site "Nürnberg"]
[Date "2021.07.02"]
[Round "1.10"]
[White "Kocak, Ediz"]
[Black "Albayrak, Berrak"]
[Result "1-0"]
[WhiteElo "1970"]
[BlackElo "1473"]
[PlyCount "81"]
[EventDate "2021.??.??"]
[EventType "team-tourn"]
[EventCountry "GER"]
[WhiteTeam "SG Fuerth"]
[BlackTeam "SC NT Nuernberg"]

1. e4 d6 2. d4 Nf6 3. Nc3 g6 4. Be3 Bg7 5. Qd2 O-O 6. O-O-O Re8 7. Bh6 Bh8 8.
h4 a6 9. h5 b5 10. f3 Nbd7 11. g4 Bb7 12. Qh2 e5 13. d5 Nc5 14. Kb1 c6 15. dxc6
Bxc6 16. Bg5 Bg7 17. Qd2 b4 18. Nd5 Bxd5 19. exd5 a5 20. Bb5 Re7 21. Ne2 Rb8
22. c4 bxc3 23. Nxc3 Reb7 24. Qe2 a4 25. hxg6 hxg6 26. Rh2 Qa5 27. Rdh1 a3 28.
Qe1 Nxd5 29. Nxd5 Qxe1+ 30. Rxe1 Rxb5 31. b3 Nd3 32. Nf6+ Kf8 33. Rd1 Nc5 34.
Rxd6 R5b7 35. Rc2 Bxf6 36. Bxf6 Nd7 37. Bg5 Kg7 38. Rcd2 Nb6 39. Bf6+ Kf8 40.
Rh2 Ke8 41. Rh8# 1-0

[Event "EM 2021"]
[Site "Nürnberg"]
[Date "2021.07.02"]
[Round "1.11"]
[White "Lorenz, Mathias"]
[Black "Mueller, Christian"]
[Result "0-1"]
[WhiteElo "1485"]
[BlackElo "1946"]
[PlyCount "52"]
[EventDate "2021.??.??"]
[EventType "team-tourn"]
[EventCountry "GER"]
[WhiteTeam "SK Schwanstetten"]
[BlackTeam "SW Nuernberg Sued"]

1. e3 d5 2. d4 Nf6 3. c4 e6 4. Nc3 c6 5. Nf3 Nbd7 6. cxd5 exd5 7. Bd3 Bd6 8.
O-O O-O 9. Qc2 h6 10. a3 Re8 11. b4 Qe7 12. Bb2 Ne4 13. Nd2 Ndf6 14. Ndxe4 dxe4
15. Bc4 Bxh2+ 16. Kxh2 Ng4+ 17. Kg1 Qh4 18. Rfe1 b5 19. Bb3 Nh2 20. Ne2 Nf3+
21. Kf1 Qh1+ 22. Ng1 Qxg1+ 23. Ke2 Nxe1 24. Rxe1 Bg4+ 25. f3 exf3+ 26. Kd3 Qxe1
0-1

[Event "EM 2021"]
[Site "Nürnberg"]
[Date "2021.07.02"]
[Round "1.12"]
[White "Braun, Kristin"]
[Black "Mammadov, Islam"]
[Result "1-0"]
[WhiteElo "1910"]
[BlackElo "1600"]
[PlyCount "51"]
[EventDate "2021.??.??"]
[EventType "team-tourn"]
[EventCountry "GER"]
[WhiteTeam "SC JAEKLECHEMIE"]
[BlackTeam "TSV Maccabi Nuernberg e.V. 2016"]

1. e4 e6 2. d4 d5 3. exd5 exd5 4. Nf3 Nf6 5. c4 c6 6. Nc3 Be6 7. Qb3 Qb6 8. c5
Qc7 9. Ne5 Bxc5 10. Bf4 Bd6 11. Rc1 Nbd7 12. Nb5 Qa5+ 13. Bd2 Bb4 14. Bxb4 Qb6
15. Nd6+ Kd8 16. Ndxf7+ Bxf7 17. Nxf7+ Kc7 18. Bd6+ Kc8 19. Qxb6 axb6 20. Nxh8
b5 21. a3 b6 22. Bxb5 Ne4 23. Bxc6 Ra7 24. Bxd5+ Kd8 25. Nf7+ Ke8 26. Rc8# 1-0

[Event "EM 2021"]
[Site "Nürnberg"]
[Date "2021.07.04"]
[Round "2.1"]
[White "Schatz, Christian"]
[Black "Erlbeck, Peter"]
[Result "1/2-1/2"]
[WhiteElo "2219"]
[BlackElo "2070"]
[PlyCount "53"]
[EventDate "2021.??.??"]
[EventType "team-tourn"]
[EventCountry "GER"]
[WhiteTeam "SC Postbauer-Heng"]
[BlackTeam "SW Nuernberg Sued"]

1. e4 c5 2. Nf3 Nc6 3. c3 Nf6 4. e5 Nd5 5. d4 cxd4 6. Bc4 Nb6 7. Bb3 d5 8. exd6
Qxd6 9. O-O Be6 10. Bxe6 Qxe6 11. cxd4 Rd8 12. Nc3 Qd7 13. Be3 e6 14. Qb3 Be7
15. a4 O-O 16. a5 Nd5 17. Nxd5 Qxd5 18. Qxb7 Rb8 19. Qa6 Bb4 20. Rfc1 Nxa5 21.
Rc7 Nb3 22. Rd1 Ba5 23. Rc2 Bb6 24. Qd3 h6 25. Ne5 Rbc8 26. Nc4 Na5 27. Nxb6
1/2-1/2

[Event "EM 2021"]
[Site "Nürnberg"]
[Date "2021.07.04"]
[Round "2.2"]
[White "Kroneder, Christian"]
[Black "Heimrath, Reiner"]
[Result "0-1"]
[WhiteElo "2050"]
[BlackElo "2192"]
[PlyCount "74"]
[EventDate "2021.??.??"]
[EventType "team-tourn"]
[EventCountry "GER"]
[WhiteTeam "SK Schwanstetten"]
[BlackTeam "SC NT Nuernberg"]

1. e4 e5 2. Nf3 Nc6 3. Bc4 Nf6 4. d3 Be7 5. c3 O-O 6. O-O d6 7. Re1 a5 8. a4
Kh8 9. Nbd2 Ng8 10. Nf1 f5 11. exf5 Bxf5 12. Ne3 Bg6 13. d4 Bh5 14. Be2 Qe8 15.
Nd5 Bd8 16. dxe5 Bxf3 17. Bxf3 Nxe5 18. Bh5 Qc6 19. f4 Nc4 20. Qd4 Bh4 21. g3
Bf6 22. Qd3 Qc5+ 23. Kg2 c6 24. Nxf6 Nxf6 25. Bf3 Rae8 26. Rxe8 Rxe8 27. Qd4
Qxd4 28. cxd4 Ne3+ 29. Bxe3 Rxe3 30. g4 Kg8 31. b4 axb4 32. Rb1 b3 33. Kf2 Rc3
34. Bd1 Kf8 35. g5 Ne4+ 36. Kg1 Nd2 37. Rb2 Nf3+ 0-1

[Event "EM 2021"]
[Site "Nürnberg"]
[Date "2021.07.04"]
[Round "2.3"]
[White "Kotz, Reinhard"]
[Black "Kocak, Ediz"]
[Result "1-0"]
[WhiteElo "2163"]
[BlackElo "1970"]
[PlyCount "51"]
[EventDate "2021.??.??"]
[EventType "team-tourn"]
[EventCountry "GER"]
[WhiteTeam "SK Herzogenaurach"]
[BlackTeam "SG Fuerth"]

1. e4 c5 2. d4 cxd4 3. c3 dxc3 4. Nxc3 Nc6 5. Nf3 e6 6. Bc4 a6 7. O-O Nge7 8.
Bg5 f6 9. Be3 b5 10. Bb3 Ng6 11. a4 b4 12. Nd5 exd5 13. exd5 Nce5 14. d6 Bb7
15. Nxe5 fxe5 16. f4 exf4 17. Qd4 Qg5 18. g3 Qe5 19. Rae1 Be4 20. Qxe5+ Nxe5
21. Bxf4 Bxd6 22. Rxe4 Bc5+ 23. Kg2 d6 24. Bxe5 dxe5 25. Rxe5+ Be7 26. Bf7+ 1-0

[Event "EM 2021"]
[Site "Nürnberg"]
[Date "2021.07.04"]
[Round "2.4"]
[White "Birkmann, Guenther"]
[Black "Boehme, Sebastian"]
[Result "0-1"]
[WhiteElo "2025"]
[BlackElo "2154"]
[PlyCount "62"]
[EventDate "2021.??.??"]
[EventType "team-tourn"]
[EventCountry "GER"]
[WhiteTeam "SC Stein"]
[BlackTeam "SC Erlangen"]

1. Nf3 e6 2. d4 Nf6 3. g3 b5 4. a4 b4 5. Bg2 Bb7 6. c4 bxc3 7. bxc3 Be7 8. O-O
O-O 9. Qb3 Ba6 10. Re1 d5 11. Ne5 Nfd7 12. f4 Nxe5 13. fxe5 c5 14. e4 Nc6 15.
exd5 Na5 16. Qd1 exd5 17. Ba3 Rb8 18. Nd2 cxd4 19. cxd4 Bxa3 20. Rxa3 Qb6 21.
Qa1 Qb4 22. Qc3 Rfc8 23. Qe3 Nc4 24. Nxc4 Bxc4 25. e6 Re8 26. exf7+ Kxf7 27.
Qf2+ Kg8 28. Rae3 Qxa4 29. Qf5 Rxe3 30. Bxd5+ Kh8 31. Rxe3 Qa1+ 0-1

[Event "EM 2021"]
[Site "Nürnberg"]
[Date "2021.07.04"]
[Round "2.5"]
[White "Ammon, Tobias"]
[Black "Braun, Kristin"]
[Result "1-0"]
[WhiteElo "2134"]
[BlackElo "1910"]
[PlyCount "93"]
[EventDate "2021.??.??"]
[EventType "team-tourn"]
[EventCountry "GER"]
[WhiteTeam "SV Altensittenbach"]
[BlackTeam "SC JAEKLECHEMIE"]

1. e4 c5 2. Nf3 d6 3. Bb5+ Bd7 4. Bxd7+ Qxd7 5. O-O Nc6 6. c3 d5 7. exd5 Qxd5
8. d4 e6 9. Be3 cxd4 10. cxd4 Nf6 11. Nc3 Qa5 12. Qb3 Qb4 13. Qc2 Be7 14. Rfd1
Rd8 15. d5 exd5 16. Nd4 O-O 17. a3 Qa5 18. b4 Nxd4 19. Rxd4 Qc7 20. Qd3 Bd6 21.
Rh4 Be5 22. Rc1 d4 23. Ne4 Nxe4 24. Rxc7 dxe3 25. Rd7 Rxd7 26. Qxd7 Nf6 27. Qd3
g5 28. Rc4 b5 29. Rc5 exf2+ 30. Kf1 Re8 31. h3 g4 32. Kxf2 Ne4+ 33. Qxe4 Bg3+
34. Ke3 Bf2+ 35. Kd3 Rxe4 36. Rc8+ Kg7 37. Kxe4 gxh3 38. gxh3 Kg6 39. Rd8 h5
40. Rd5 a6 41. Rd6+ Kg5 42. Kf3 Bg1 43. Rxa6 f5 44. Ra5 Kh4 45. Rxb5 Kxh3 46.
Rxf5 h4 47. Rh5 1-0

[Event "EM 2021"]
[Site "Nürnberg"]
[Date "2021.07.04"]
[Round "2.6"]
[White "Mueller, Christian"]
[Black "Vogiatzis, Dimitrios"]
[Result "0-1"]
[WhiteElo "1946"]
[BlackElo "2040"]
[PlyCount "34"]
[EventDate "2021.??.??"]
[EventType "team-tourn"]
[EventCountry "GER"]
[WhiteTeam "SW Nuernberg Sued"]
[BlackTeam "SC NT Nuernberg"]

1. e4 e5 2. Nf3 Nc6 3. Bc4 Bc5 4. c3 Nf6 5. d4 exd4 6. e5 d5 7. Bb5 Ne4 8. cxd4
Bb4+ 9. Nbd2 O-O 10. O-O Bf5 11. Qa4 Nxd2 12. Nxd2 a5 13. Bxc6 bxc6 14. Qxc6
Bd3 15. Re1 a4 16. e6 Ra6 17. Qd7 Rxe6 0-1

[Event "EM 2021"]
[Site "Nürnberg"]
[Date "2021.07.04"]
[Round "2.7"]
[White "Albayrak, Nese Pinar"]
[Black "Rhein, Thomas"]
[Result "0-1"]
[WhiteElo "1587"]
[BlackElo "1825"]
[PlyCount "76"]
[EventDate "2021.??.??"]
[EventType "team-tourn"]
[EventCountry "GER"]
[WhiteTeam "SC NT Nuernberg"]
[BlackTeam "SW Nuernberg Sued"]

1. e4 c6 2. d4 d5 3. Nc3 dxe4 4. Nxe4 Bf5 5. Ng3 Bg6 6. Nf3 Nd7 7. h4 h6 8. h5
Bh7 9. Bd3 Bxd3 10. Qxd3 Ngf6 11. Bd2 e6 12. O-O-O Qc7 13. Ne5 Nxe5 14. dxe5
Qxe5 15. Bc3 Qd5 16. Bxf6 gxf6 17. Ne4 Qxd3 18. Rxd3 Be7 19. Rhd1 Rd8 20. Rxd8+
Bxd8 21. Nd6+ Ke7 22. Nxb7 Bb6 23. f3 Rb8 24. Nd6 Be3+ 25. Kb1 Rd8 26. Nf5+
exf5 27. Rxd8 Kxd8 28. c4 Kd7 29. Kc2 Kd6 30. Kd3 Bg1 31. b4 Ke5 32. a4 f4 33.
b5 f5 34. bxc6 Kd6 35. c7 Kxc7 36. g4 fxg3 37. f4 g2 38. Ke2 Bc5 0-1

[Event "EM 2021"]
[Site "Nürnberg"]
[Date "2021.07.04"]
[Round "2.8"]
[White "Albayrak, Atilla"]
[Black "Hofmann, Tim"]
[Result "0-1"]
[WhiteElo "1632"]
[BlackElo "1793"]
[PlyCount "94"]
[EventDate "2021.??.??"]
[EventType "team-tourn"]
[EventCountry "GER"]
[WhiteTeam "SC NT Nuernberg"]
[BlackTeam "SW Nuernberg Sued"]

1. e4 c5 2. Nc3 d6 3. f4 Nf6 4. Nf3 Nc6 5. Bb5 g6 6. d3 Bg7 7. O-O O-O 8. Be3
Ng4 9. Bd2 Nd4 10. h3 Nxb5 11. Nxb5 Nf6 12. Rb1 a6 13. Nc3 b5 14. Qe1 Bb7 15.
Qh4 e6 16. f5 exf5 17. exf5 Qd7 18. fxg6 fxg6 19. Bh6 Nh5 20. Bxg7 Rf4 21. Qf2
Kxg7 22. Ne2 Rf6 23. Ng3 Nf4 24. Ne4 Rf7 25. Nfg5 Nxh3+ 26. Nxh3 Rxf2 27. Rxf2
Rf8 28. Re2 h6 29. Rbe1 Qc6 30. Nhf2 c4 31. dxc4 bxc4 32. c3 Qb6 33. Nd2 Qc5
34. b4 cxb3 35. Nxb3 Qxc3 36. Rc1 Qg3 37. Rc7+ Rf7 38. Rxf7+ Kxf7 39. Ne4 Bxe4
40. Rxe4 Qd3 41. Ra4 g5 42. Rd4 Qb1+ 43. Kh2 Qxa2 44. Nc1 Qb2 45. Rd1 Qe5+ 46.
Kh1 a5 47. Nd3 Qe2 0-1

[Event "EM 2021"]
[Site "Nürnberg"]
[Date "2021.07.04"]
[Round "2.9"]
[White "Bruss, Robert"]
[Black "Dreiseitel, Werner"]
[Result "1-0"]
[WhiteElo "1781"]
[BlackElo "1591"]
[PlyCount "89"]
[EventDate "2021.??.??"]
[EventType "team-tourn"]
[EventCountry "GER"]
[WhiteTeam "SG Fuerth"]
[BlackTeam "SW Nuernberg Sued"]

1. d4 d5 2. c4 e6 3. Nc3 Nf6 4. cxd5 exd5 5. Bg5 Be7 6. e3 c6 7. Bd3 Bg4 8.
Nge2 O-O 9. O-O Re8 10. f3 Bh5 11. Nf4 Nbd7 12. Qd2 Bg6 13. Nxg6 hxg6 14. Rae1
Nf8 15. Bh4 Ne6 16. Kh1 Qc7 17. Bf2 Rad8 18. Bc2 Bd6 19. g3 Qd7 20. e4 dxe4 21.
fxe4 Bc5 22. d5 Bxf2 23. Qxf2 Ng5 24. Qxa7 Re7 25. Qc5 cxd5 26. Ba4 Qd6 27.
Qxd6 Rxd6 28. e5 Rde6 29. exf6 Rxe1 30. fxe7 Rxf1+ 31. Kg2 Re1 32. Nxd5 Rxe7
33. Nxe7+ Kf8 34. Nd5 Ne6 35. Kf3 Nc5 36. Bb5 Ne6 37. Ke3 f5 38. Nf4 Nc5 39.
Nxg6+ Kf7 40. Ne5+ Ke6 41. Kd4 Ne4 42. Bc4+ Ke7 43. Bd5 b6 44. Bxe4 fxe4 45.
Kxe4 1-0

[Event "EM 2021"]
[Site "Nürnberg"]
[Date "2021.07.04"]
[Round "2.10"]
[White "Dyroff, Roland"]
[Black "Mankus, Siegfried"]
[Result "1-0"]
[WhiteElo "1766"]
[BlackElo "1494"]
[PlyCount "117"]
[EventDate "2021.??.??"]
[EventType "team-tourn"]
[EventCountry "GER"]
[WhiteTeam "SW Nuernberg Sued"]
[BlackTeam "Zabo-Eintracht Nuernberg"]

1. e4 e6 2. d4 d5 3. Nd2 c5 4. Bb5+ Bd7 5. Bxd7+ Nxd7 6. exd5 exd5 7. dxc5 Nxc5
8. Ne2 Ne7 9. Nf3 Nc6 10. O-O Ne6 11. Re1 Be7 12. c3 O-O 13. Nf4 Nxf4 14. Bxf4
Re8 15. Qd3 h6 16. Re2 Qd7 17. h3 Bf6 18. Rd2 Rad8 19. Rad1 d4 20. cxd4 Nb4 21.
Qb3 Nd5 22. Bg3 b6 23. Rc2 Rc8 24. Ne5 Bxe5 25. dxe5 Rxc2 26. Qxc2 Qe6 27. Qe4
Rd8 28. Qa4 Rd7 29. Qe4 Nf6 30. Qa8+ Ne8 31. Rc1 Re7 32. b3 Kh7 33. Rc6 Qd7 34.
Rc8 Qe6 35. Qe4+ g6 36. Rc6 Qd7 37. f4 Qf5 38. Qxf5 gxf5 39. Kf2 Rd7 40. Ke3
Ng7 41. Bh4 Ne6 42. g4 Kg6 43. Rd6 Rc7 44. Kd2 b5 45. Bf2 b4 46. Be3 Rc3 47.
Ra6 Rc7 48. Bxa7 h5 49. g5 Kg7 50. Be3 Rd7+ 51. Kc2 Nd4+ 52. Kb2 Nxb3 53. axb3
Rd3 54. Bc5 Rxh3 55. Bxb4 Rf3 56. Ra7 Rxf4 57. e6 Kg6 58. exf7 Rxb4 59. f8=Q
1-0

[Event "EM 2021"]
[Site "Nürnberg"]
[Date "2021.07.04"]
[Round "2.11"]
[White "Albayrak, Berrak"]
[Black "Weissmann, Peter"]
[Result "0-1"]
[WhiteElo "1473"]
[BlackElo "1736"]
[PlyCount "48"]
[EventDate "2021.??.??"]
[EventType "team-tourn"]
[EventCountry "GER"]
[WhiteTeam "SC NT Nuernberg"]
[BlackTeam "SG Fuerth"]

1. e4 e5 2. Nf3 f5 3. d3 d6 4. Nc3 Nf6 5. Bg5 Be7 6. Bxf6 Bxf6 7. Nd5 O-O 8.
Be2 Be6 9. c3 c6 10. Nxf6+ Qxf6 11. Qc2 Nd7 12. d4 exd4 13. cxd4 fxe4 14. Qxe4
Rae8 15. Kf1 Bd5 16. Qd3 b5 17. Qc3 Re7 18. Re1 Rfe8 19. b3 a6 20. h4 c5 21.
Rh3 Nb6 22. Qc2 Bxf3 23. gxf3 Qxd4 24. Kg2 Nd5 0-1

[Event "EM 2021"]
[Site "Nürnberg"]
[Date "2021.07.04"]
[Round "2.12"]
[White "Albayrak, Aylin"]
[Black "Lorenz, Mathias"]
[Result "0-1"]
[WhiteElo "1689"]
[BlackElo "1485"]
[PlyCount "124"]
[EventDate "2021.??.??"]
[EventType "team-tourn"]
[EventCountry "GER"]
[WhiteTeam "SC NT Nuernberg"]
[BlackTeam "SK Schwanstetten"]

1. d4 c6 2. c4 d5 3. Nf3 Bf5 4. Nc3 Nf6 5. Bf4 e6 6. e3 Bd6 7. Ne5 O-O 8. Be2
dxc4 9. Bxc4 Nd5 10. Bg3 Bxe5 11. Bxe5 Nf6 12. O-O Nbd7 13. Bg3 b5 14. Bb3 Qb6
15. Re1 c5 16. dxc5 Nxc5 17. Bc2 Rfd8 18. Qe2 Bxc2 19. Qxc2 b4 20. Ne2 Rdc8 21.
Rac1 Ncd7 22. Qd3 a5 23. Nd4 Qb7 24. Nb5 Qd5 25. Qe2 Qxa2 26. Nd6 Rxc1 27. Rxc1
Qd5 28. Rd1 Qc6 29. h3 h6 30. e4 Qa6 31. Qf3 Rf8 32. b3 Nc5 33. Be5 Ncd7 34.
Bb2 a4 35. bxa4 Qxa4 36. e5 Nd5 37. Ra1 Qc2 38. Bd4 b3 39. Ra7 N7b6 40. Nxf7
Qg6 41. Qxb3 Rxf7 42. Rxf7 Qxf7 43. Bxb6 Qb7 44. Qb5 Qxb6 45. Qe8+ Kh7 46. Qf7
Qb1+ 47. Kh2 Qf5 48. Qxf5+ exf5 49. g4 fxg4 50. hxg4 g5 51. Kg3 Nf4 52. Kf3 Nd3
53. e6 Kg7 54. Ke3 Nc5 55. e7 Kf7 56. f4 Kxe7 57. f5 Nd7 58. Kf3 Kf6 59. Kg3
Ke5 60. Kf3 Nf6 61. Kg3 Ke4 62. Kh3 Kf4 0-1

[Event "EM 2021"]
[Site "Nürnberg"]
[Date "2021.07.04"]
[Round "2.13"]
[White "Mammadov, Islam"]
[Black "Sarcevic, Ivo"]
[Result "1-0"]
[WhiteElo "1600"]
[BlackElo "1643"]
[PlyCount "77"]
[EventDate "2021.??.??"]
[EventType "team-tourn"]
[EventCountry "GER"]
[WhiteTeam "TSV Maccabi Nuernberg e.V. 2016"]
[BlackTeam "SW Nuernberg Sued"]

1. e4 e5 2. Nf3 Nc6 3. Bc4 Nd4 4. c3 Nxf3+ 5. Qxf3 Qf6 6. Qxf6 Nxf6 7. d3 c6 8.
Nd2 d5 9. Bb3 Be6 10. O-O Bd6 11. Bc2 O-O 12. d4 dxe4 13. Nxe4 Nxe4 14. Bxe4
Bd5 15. f3 f5 16. Bxd5+ cxd5 17. dxe5 Bxe5 18. f4 Bc7 19. Be3 Bb6 20. Bxb6 axb6
21. a3 Rad8 22. Rad1 Rf6 23. Rfe1 Rfd6 24. Rd4 h6 25. Red1 Kh7 26. c4 b5 27.
Rxd5 Rxd5 28. Rxd5 Re8 29. Rxb5 Re4 30. c5 Rxf4 31. Rxb7 Rc4 32. b4 Rc1+ 33.
Kf2 Rc2+ 34. Ke1 Rxg2 35. c6 Rxh2 36. c7 Rc2 37. b5 f4 38. b6 f3 39. Rb8 1-0